[Event "Golden Horseshoe op"]
[Site "Mississauga CAN"]
[Date "2019.06.08"]
[Round "1.2"]
[White "Sambuev, Bator"]
[Black "Bui, Alan"]
[Result "1-0"]
[WhiteElo "2560"]
[BlackElo "2137"]
[PlyCount "59"]
[EventDate "2019.06.08"]
[EventType "swiss"]
[EventRounds "5"]
[EventCountry "CAN"]

1. d4 Nf6 2. c4 e6 3. Nf3 b6 4. Nc3 Bb4 5. Bg5 Bb7 6. e3 O-O 7. Bd3 d5 8. cxd5
exd5 9. Ne5 Be7 10. O-O Ne4 11. Bxe7 Qxe7 12. Qc2 f6 13. f3 fxe5 14. fxe4 Rxf1+
15. Rxf1 exd4 16. exd4 dxe4 17. Bc4+ Kh8 18. Bd5 Nc6 19. Rf7 Qe8 20. Qf2 Na5
21. Qg3 Qg8 22. Be6 Re8 23. Re7 Rxe7 24. Bxg8 Kxg8 25. Qg5 Re8 26. Nd5 Rf8 27.
Nxc7 h6 28. Qe7 Bc8 29. Ne8 Rf7 30. Qd8 1-0

[Event "Golden Horseshoe op"]
[Site "Mississauga CAN"]
[Date "2019.06.08"]
[Round "1.3"]
[White "Ning, Eric"]
[Black "Krnan, Tomas"]
[Result "0-1"]
[WhiteElo "2133"]
[BlackElo "2498"]
[PlyCount "70"]
[EventDate "2019.06.08"]
[EventType "swiss"]
[EventRounds "5"]
[EventCountry "CAN"]

1. d4 Nf6 2. c4 g6 3. g3 Bg7 4. Bg2 O-O 5. Nc3 d6 6. e4 e5 7. d5 a5 8. Nge2 Na6
9. O-O Nc5 10. Qc2 Ne8 11. Be3 f5 12. f3 Nf6 13. a3 fxe4 14. Nxe4 b6 15. N2c3
Ncxe4 16. Nxe4 a4 17. Rf2 Bf5 18. Raf1 h6 19. h3 g5 20. Kh2 Nd7 21. Qd2 Nc5 22.
Nxc5 bxc5 23. f4 exf4 24. gxf4 g4 25. Kg3 h5 26. hxg4 hxg4 27. Rh1 Rb8 28. Rh5
Rb3 29. Rxf5 Rxf5 30. Kxg4 Qd7 31. Kg3 Bd4 32. Re2 Qg7+ 33. Kf3 Bxe3 34. Rxe3
Rxb2 35. Re8+ Kf7 0-1

[Event "Golden Horseshoe op"]
[Site "Mississauga CAN"]
[Date "2019.06.08"]
[Round "1.5"]
[White "Surya, Benito"]
[Black "Hua, Eugene"]
[Result "0-1"]
[WhiteElo "2114"]
[BlackElo "2394"]
[PlyCount "54"]
[EventDate "2019.06.08"]
[EventType "swiss"]
[EventRounds "5"]
[EventCountry "CAN"]

1. e4 c5 2. Ne2 Nc6 3. Nbc3 d6 4. g3 g6 5. Bg2 Bg7 6. O-O e5 7. d3 Nge7 8. Be3
O-O 9. Qd2 Be6 10. Bh6 Qd7 11. Bxg7 Kxg7 12. f4 f6 13. Nd1 d5 14. exd5 Bxd5 15.
Ne3 Bxg2 16. Kxg2 Nd4 17. Nxd4 exd4 18. Nd1 Rae8 19. b4 cxb4 20. Qxb4 Nf5 21.
Qd2 Re7 22. Rf2 Rfe8 23. Nb2 Ne3+ 24. Kg1 Ng4 25. Rg2 Qe6 26. Kh1 Qc6 27. Kg1
Qc3 0-1

[Event "Golden Horseshoe op"]
[Site "Mississauga CAN"]
[Date "2019.06.08"]
[Round "1.7"]
[White "Feng, Richard"]
[Black "Noritsyn, Sergey"]
[Result "1-0"]
[WhiteElo "2052"]
[BlackElo "2313"]
[PlyCount "121"]
[EventDate "2019.06.08"]
[EventType "swiss"]
[EventRounds "5"]
[EventCountry "CAN"]

1. e4 c5 2. Nf3 d6 3. d4 cxd4 4. Nxd4 Nf6 5. Nc3 a6 6. Bc4 e6 7. Bb3 Nbd7 8. f4
Nc5 9. e5 dxe5 10. fxe5 Nxb3 11. axb3 Nd5 12. O-O Bc5 13. Ne4 Be7 14. c4 Nb4
15. Qf3 O-O 16. Be3 Nd3 17. Nf6+ Bxf6 18. exf6 Qxf6 19. Qxf6 gxf6 20. Rxf6 e5
21. Nb5 Kg7 22. Rd6 Nf4 23. Nc7 Rb8 24. Ba7 Bf5 25. Bxb8 Rxb8 26. g3 Ne2+ 27.
Kf2 Nd4 28. Ra5 Nc6 29. Rc5 Nb4 30. Ke2 f6 31. Nd5 Nc6 32. Rxf6 Be4 33. Rd6
Nd4+ 34. Ke3 Nf5+ 35. Kxe4 Nxd6+ 36. Kxe5 Nf7+ 37. Ke6 Re8+ 38. Ne7 Kf8 39. Rc8
Nd8+ 40. Kf6 a5 41. c5 Nf7 42. Rxe8+ Kxe8 43. Nc8 Nd8 44. Nd6+ Kd7 45. Nf7 Nxf7
46. Kxf7 Kc6 47. g4 Kxc5 48. Kg7 Kb4 49. Kxh7 Kxb3 50. g5 Kxb2 51. g6 a4 52. g7
b5 53. g8=Q b4 54. Qc4 Ka3 55. Qc1+ Ka2 56. Qc2+ Ka3 57. Kg6 b3 58. Qb1 b2 59.
Kf5 Kb3 60. Ke4 Kc3 61. Qa2 1-0

[Event "Golden Horseshoe op"]
[Site "Mississauga CAN"]
[Date "2019.06.08"]
[Round "1.8"]
[White "Li, William"]
[Black "Xu, Eddie"]
[Result "1-0"]
[WhiteElo "2293"]
[BlackElo "2042"]
[PlyCount "73"]
[EventDate "2019.06.08"]
[EventType "swiss"]
[EventRounds "5"]
[EventCountry "CAN"]

1. e4 e5 2. Nf3 Nc6 3. Bb5 a6 4. Ba4 Nf6 5. O-O Be7 6. Re1 b5 7. Bb3 d6 8. c3
O-O 9. h3 Nb8 10. d4 Nbd7 11. c4 Bb7 12. Nc3 c6 13. c5 Qc7 14. cxd6 Bxd6 15.
dxe5 Nxe5 16. Nd4 Rad8 17. Qe2 Bb4 18. Nf5 Nd3 19. Bg5 Qe5 20. f4 Nxf4 21. Qf3
Nd3 22. Red1 Bxc3 23. bxc3 Qxc3 24. Nh6+ Kh8 25. Bxf6 gxf6 26. Nxf7+ Rxf7 27.
Bxf7 Rd7 28. Be6 Rd6 29. Bf5 Qe5 30. Qh5 Rd7 31. Rab1 Qd4+ 32. Kh2 Rg7 33. Qf3
Qe5+ 34. Kh1 Rg3 35. Qh5 Qe7 36. e5 Nf2+ 37. Kg1 1-0

[Event "Golden Horseshoe op"]
[Site "Mississauga CAN"]
[Date "2019.06.08"]
[Round "1.9"]
[White "Huang, Youhe"]
[Black "Guo, Josh"]
[Result "0-1"]
[WhiteElo "2021"]
[BlackElo "2266"]
[PlyCount "76"]
[EventDate "2019.06.08"]
[EventType "swiss"]
[EventRounds "5"]
[EventCountry "CAN"]

1. e4 c5 2. Nf3 d6 3. d4 cxd4 4. Nxd4 Nf6 5. Nc3 a6 6. Bd3 Nc6 7. Nde2 g6 8.
O-O Bg7 9. f4 O-O 10. Qe1 b5 11. Qh4 Nb4 12. f5 Nxd3 13. cxd3 b4 14. Nd1 gxf5
15. exf5 Bb7 16. Rf4 a5 17. Ng3 Kh8 18. Qh3 Rc8 19. Rh4 Rc2 20. Ne3 Qb6 21. d4
Rfc8 22. Nxc2 Rxc2 23. Be3 Qc6 24. Bf2 Rxb2 25. Nh5 Rxf2 26. Kxf2 Ne4+ 27. Rxe4
Qxe4 28. f6 Bxf6 29. Nxf6 Qxd4+ 30. Ke2 Ba6+ 31. Kf3 Qxf6+ 32. Ke3 Qxa1 33. Qd7
Qe5+ 34. Kf3 Be2+ 35. Kf2 Bd3 36. Qc8+ Kg7 37. Qg4+ Bg6 38. Qh4 Qf6+ 0-1

[Event "Golden Horseshoe op"]
[Site "Mississauga CAN"]
[Date "2019.06.08"]
[Round "1.10"]
[White "Munro, Allan"]
[Black "Gao, Raymond"]
[Result "1/2-1/2"]
[WhiteElo "2249"]
[BlackElo "2007"]
[PlyCount "113"]
[EventDate "2019.06.08"]
[EventType "swiss"]
[EventRounds "5"]
[EventCountry "CAN"]

1. e4 c5 2. Nf3 d6 3. Bb5+ Bd7 4. Bxd7+ Nxd7 5. O-O Ngf6 6. Qe2 e6 7. b3 Be7 8.
Bb2 O-O 9. c4 Re8 10. d4 cxd4 11. Nxd4 d5 12. e5 Ne4 13. cxd5 exd5 14. e6 Ndf6
15. exf7+ Kxf7 16. f3 Nc5 17. Nc3 Qb6 18. Kh1 Rad8 19. Qd2 Ne6 20. Nce2 Nxd4
21. Nxd4 Bc5 22. Rfd1 Rd7 23. Qd3 g6 24. Re1 Rde7 25. Rxe7+ Rxe7 26. a3 Qd6 27.
Nc2 a6 28. Rd1 Rd7 29. b4 Ba7 30. Re1 Re7 31. Rxe7+ Kxe7 32. g3 Qe6 33. Kg2 Nd7
34. Bd4 Ne5 35. Qe3 Bb8 36. f4 Nc4 37. Qxe6+ Kxe6 38. Kf3 h5 39. h3 Nd2+ 40.
Ke3 Nc4+ 41. Kd3 Kf5 42. Ne3+ Nxe3 43. Kxe3 g5 44. fxg5 Bxg3 45. Bf6 Bf4+ 46.
Kd4 Bxg5 47. Be5 Ke6 48. Bg3 b5 49. Kc5 Bc1 50. Kb6 Bxa3 51. Kxa6 Bxb4 52. Kxb5
Bc3 53. Kc5 d4 54. Kc4 Ba1 55. Kd3 Kd5 56. Bf2 Bc3 57. Bg3 1/2-1/2

[Event "Golden Horseshoe op"]
[Site "Mississauga CAN"]
[Date "2019.06.08"]
[Round "1.11"]
[White "Zhao, Jeffrey Renfei"]
[Black "Gaisinsky, Adam"]
[Result "1/2-1/2"]
[WhiteElo "1995"]
[BlackElo "2234"]
[PlyCount "67"]
[EventDate "2019.06.08"]
[EventType "swiss"]
[EventRounds "5"]
[EventCountry "CAN"]

1. e4 e5 2. Nf3 Nc6 3. Bc4 Nf6 4. d3 Be7 5. O-O O-O 6. Re1 d6 7. a4 Na5 8. Ba2
c5 9. Nbd2 h6 10. Nf1 Re8 11. Ng3 Nc6 12. c3 Bf8 13. h3 g6 14. d4 cxd4 15. cxd4
Nd7 16. Be3 Qf6 17. Qd2 Kh7 18. Rac1 a5 19. Red1 Ndb8 20. Bc4 Bxh3 21. dxe5
dxe5 22. Bg5 hxg5 23. Nxg5+ Kg7 24. gxh3 Nd4 25. Kg2 Bb4 26. Qe3 Re7 27. h4
Nbc6 28. Ne2 Nxe2 29. Bxe2 Nd4 30. Bc4 Rh8 31. Qg3 b6 32. b3 Bc5 33. Rc3 Rh5
34. Qg4 1/2-1/2

[Event "Golden Horseshoe op"]
[Site "Mississauga CAN"]
[Date "2019.06.08"]
[Round "1.12"]
[White "Zhang, Henry"]
[Black "Xie, Austin"]
[Result "1-0"]
[WhiteElo "2223"]
[BlackElo "1964"]
[PlyCount "75"]
[EventDate "2019.06.08"]
[EventType "swiss"]
[EventRounds "5"]
[EventCountry "CAN"]

1. e4 e6 2. d4 d5 3. Nd2 Nf6 4. e5 Nfd7 5. Bd3 c5 6. c3 Nc6 7. Ne2 Be7 8. O-O
O-O 9. f4 f6 10. Nf3 Qb6 11. Kh1 Qa5 12. Bd2 b5 13. Qb1 f5 14. c4 b4 15. cxd5
exd5 16. Bxf5 Rxf5 17. Qxf5 Ndxe5 18. Qb1 Nxf3 19. gxf3 Bh3 20. Rg1 Qb5 21. Qe1
Bf6 22. Qf2 Re8 23. Rae1 Nxd4 24. Nxd4 Bxd4 25. Be3 Bxe3 26. Rxe3 Rxe3 27. Qxe3
d4 28. Qe5 g6 29. Qd5+ Kf8 30. Re1 Qd7 31. Qxc5+ Kf7 32. Qxb4 d3 33. b3 Be6 34.
Kg2 Qc6 35. Rd1 a5 36. Qxa5 Bg4 37. Rxd3 Qe6 38. Qd5 1-0

[Event "Golden Horseshoe op"]
[Site "Mississauga CAN"]
[Date "2019.06.08"]
[Round "1.13"]
[White "Bu, Kevin"]
[Black "Aniunoh, Chike"]
[Result "1/2-1/2"]
[WhiteElo "1955"]
[BlackElo "2206"]
[Annotator ",Microsoft"]
[PlyCount "130"]
[EventDate "2019.06.08"]
[EventType "swiss"]
[EventRounds "5"]
[EventCountry "CAN"]

1. d4 Nf6 2. Nf3 g6 3. Bf4 Bg7 4. h3 d6 5. e3 O-O 6. Be2 c5 7. c3 Qb6 8. Qb3
Qc7 9. Nbd2 Be6 10. Bc4 Bxc4 11. Nxc4 Nbd7 12. O-O Rac8 13. Nfd2 b6 14. Bh2 a6
15. a4 Rb8 16. Na3 Qc6 17. c4 Ne4 18. Nf3 Rb7 19. d5 Qc8 20. Qc2 Nef6 21. e4
Ne8 22. Rae1 f6 23. Nh4 Nc7 24. f4 b5 25. Nf3 bxa4 26. e5 f5 27. Qxa4 Rxb2 28.
Rb1 Re2 29. exd6 exd6 30. Qc6 Bb2 31. Rf2 Rxf2 32. Kxf2 Bxa3 33. Rb7 Nb8 34.
Qxc7 Qxc7 35. Rxc7 Bb2 36. Ng5 a5 37. Ra7 Bc3 38. Bg3 h6 39. Ne6 Rf7 40. Ra8
Rb7 41. Bh4 Rb2+ 42. Kf3 Kh7 43. Ra7+ Kg8 44. Be7 Rb6 45. Ra8 Kf7 46. Bxd6 Rb3
47. Ra7+ Kg8 48. Kf2 Rb2+ 49. Kf3 Rb3 50. Ke2 Rb2+ 51. Kd3 Bh8 52. Ra8 Rb3+ 53.
Ke2 Rb2+ 54. Kf3 Rb3+ 55. Kf2 Rb2+ 56. Kg3 Rb3+ 57. Kh2 Kh7 58. Ra7+ Kg8 59.
Ra8 Kh7 60. Rxa5 g5 61. Ra7+ Kg6 62. Bc7 g4 63. hxg4 fxg4 64. Ra8 Bf6 65. Rxb8
Rc3 {etc. (80 moves)} 1/2-1/2

[Event "Golden Horseshoe op"]
[Site "Mississauga CAN"]
[Date "2019.06.08"]
[Round "1.14"]
[White "Rusonik, Max"]
[Black "Zheng, Kevin"]
[Result "0-1"]
[WhiteElo "2168"]
[BlackElo "1942"]
[PlyCount "90"]
[EventDate "2019.06.08"]
[EventType "swiss"]
[EventRounds "5"]
[EventCountry "CAN"]

1. e4 c5 2. Nf3 Nc6 3. d4 cxd4 4. Nxd4 g6 5. c4 Nf6 6. Nc3 Nxd4 7. Qxd4 d6 8.
Bg5 Bg7 9. Be2 O-O 10. Qe3 Be6 11. O-O Qa5 12. Rac1 Rfc8 13. b3 a6 14. Kh1 b5
15. cxb5 axb5 16. Nxb5 Rab8 17. a4 Qb4 18. Rb1 Qxe4 19. Bxf6 Qxe3 20. fxe3 Bxf6
21. Nxd6 exd6 22. Rxf6 Rxb3 23. Rxb3 Bxb3 24. a5 Rc2 25. Bf1 Rc1 26. Kg1 Bc4
27. g3 Ra1 28. a6 Bxa6 29. Kg2 Bxf1+ 30. Rxf1 Rxf1 31. Kxf1 Kg7 32. Ke2 Kf6 33.
Kd3 Ke5 34. g4 h6 35. h3 d5 36. Ke2 Ke4 37. Kf2 f5 38. gxf5 gxf5 39. Ke2 h5 40.
h4 f4 41. exf4 Kxf4 42. Kd3 Kg4 43. Kd4 Kxh4 44. Kxd5 Kg3 45. Ke4 h4 0-1

[Event "Golden Horseshoe op"]
[Site "Mississauga CAN"]
[Date "2019.06.08"]
[Round "2.1"]
[White "Noritsyn, Nikolay"]
[Black "Li, William"]
[Result "1-0"]
[WhiteElo "2625"]
[BlackElo "2293"]
[PlyCount "67"]
[EventDate "2019.06.08"]
[EventType "swiss"]
[EventRounds "5"]
[EventCountry "CAN"]

1. d4 Nf6 2. Nf3 b6 3. Bg5 Ne4 4. Bh4 h6 5. Nbd2 Bb7 6. Nxe4 Bxe4 7. Nd2 Bh7 8.
e4 d5 9. Qf3 g5 10. Bg3 Bg7 11. exd5 O-O 12. c3 Qd7 13. Be2 f5 14. Be5 Bxe5 15.
dxe5 Kg7 16. c4 Na6 17. O-O Bg6 18. Nb3 h5 19. Qc3 Kh7 20. f4 g4 21. Nd4 Nc5
22. b4 Ne4 23. Qe3 a5 24. a3 axb4 25. axb4 Ra4 26. Bd3 Rxb4 27. Bxe4 fxe4 28.
f5 Be8 29. Ne6 Rg8 30. f6 exf6 31. Rxf6 Bg6 32. Rxg6 Kxg6 33. Qg5+ Kf7 34. Rf1+
1-0

[Event "Golden Horseshoe op"]
[Site "Mississauga CAN"]
[Date "2019.06.08"]
[Round "2.2"]
[White "Guo, Josh"]
[Black "Sambuev, Bator"]
[Result "0-1"]
[WhiteElo "2266"]
[BlackElo "2560"]
[PlyCount "38"]
[EventDate "2019.06.08"]
[EventType "swiss"]
[EventRounds "5"]
[EventCountry "CAN"]

1. e4 d5 2. exd5 Nf6 3. Bb5+ Nbd7 4. c4 g6 5. Nc3 Bg7 6. Nf3 O-O 7. d3 Nb6 8.
O-O e6 9. dxe6 Bxe6 10. Bg5 c6 11. Ba4 h6 12. Bh4 Nxa4 13. Nxa4 Qa5 14. Re1 Bg4
15. Re5 Qxe5 16. Nxe5 Bxd1 17. Rxd1 Rfe8 18. d4 Rad8 19. f4 g5 0-1

[Event "Golden Horseshoe op"]
[Site "Mississauga CAN"]
[Date "2019.06.08"]
[Round "2.3"]
[White "Krnan, Tomas"]
[Black "Zhang, Henry"]
[Result "0-1"]
[WhiteElo "2498"]
[BlackElo "2223"]
[PlyCount "74"]
[EventDate "2019.06.08"]
[EventType "swiss"]
[EventRounds "5"]
[EventCountry "CAN"]

1. e4 c5 2. Nf3 e6 3. b3 Nc6 4. Bb2 d5 5. Bb5 Nf6 6. Ne5 Qb6 7. exd5 exd5 8.
Qe2 Be6 9. Nc3 Bd6 10. Na4 Qc7 11. Bxc6+ bxc6 12. Nd3 Qe7 13. O-O O-O 14. Bxf6
gxf6 15. Qe3 d4 16. Qe4 Kh8 17. Rfe1 Rg8 18. g3 f5 19. Qxc6 Rac8 20. Qf3 Qc7
21. Kf1 f4 22. Nxf4 Bg4 23. Qe4 f5 24. Qe6 Bxf4 25. Qf6+ Qg7 26. Qxg7+ Rxg7 27.
Nxc5 Rxc5 28. gxf4 Rxc2 29. Re8+ Rg8 30. Rxg8+ Kxg8 31. Ke1 d3 32. f3 Bxf3 33.
Kf2 Be4 34. Ke3 Kf7 35. a4 Rc6 36. b4 Rh6 37. Rc1 Rxh2 0-1

[Event "Golden Horseshoe op"]
[Site "Mississauga CAN"]
[Date "2019.06.08"]
[Round "2.5"]
[White "Hua, Eugene"]
[Black "Feng, Richard"]
[Result "1-0"]
[WhiteElo "2394"]
[BlackElo "2052"]
[PlyCount "59"]
[EventDate "2019.06.08"]
[EventType "swiss"]
[EventRounds "5"]
[EventCountry "CAN"]

1. c4 e5 2. g3 f5 3. Nc3 Nf6 4. Nf3 Nc6 5. d4 e4 6. Nh4 d5 7. Bg5 Bb4 8. cxd5
Qxd5 9. Bxf6 gxf6 10. e3 Ne7 11. Be2 Bd7 12. Bh5+ Kf8 13. O-O Qg8 14. f3 Bxc3
15. bxc3 Qg5 16. fxe4 Qxe3+ 17. Rf2 Rg8 18. Ng2 Qxe4 19. Re2 Qc6 20. Qb3 Rg7
21. Nf4 Qb6 22. Ne6+ Bxe6 23. Rxe6 Qxb3 24. axb3 Nd5 25. c4 Nf4 26. Rxf6+ Ke7
27. Rxf5 Ne6 28. Re1 Kd7 29. Rd5+ Ke7 30. Rde5 1-0

[Event "Golden Horseshoe op"]
[Site "Mississauga CAN"]
[Date "2019.06.08"]
[Round "2.6"]
[White "Liu, Henry"]
[Black "Plotkin, Victor"]
[Result "1/2-1/2"]
[WhiteElo "1906"]
[BlackElo "2384"]
[PlyCount "108"]
[EventDate "2019.06.08"]
[EventType "swiss"]
[EventRounds "5"]
[EventCountry "CAN"]

1. c4 Nf6 2. Nc3 c5 3. g3 Nc6 4. Bg2 e6 5. d3 d5 6. cxd5 Nxd5 7. Nf3 Be7 8. O-O
O-O 9. a3 a6 10. e4 Nc7 11. Be3 e5 12. Na4 Ne6 13. Rc1 f6 14. Qb3 Kh8 15. Nxc5
Bxc5 16. Bxc5 Nxc5 17. Rxc5 Qe7 18. Qc2 Be6 19. Rc1 Rfd8 20. b4 Rd7 21. Rb1 g6
22. h3 Qd6 23. Bf1 Rc7 24. Rd1 b6 25. Rc3 Rac8 26. Qb2 Nd4 27. Rxc7 Nxf3+ 28.
Kg2 Rxc7 29. Kxf3 Qd7 30. Rc1 Rxc1 31. Qxc1 g5 32. Qe3 Qd6 33. Kg2 Kg7 34. Be2
Bd7 35. Qc1 Bb5 36. Qc2 Qd7 37. Qc3 Qd6 38. Kf3 Bd7 39. g4 h5 40. Ke3 h4 41.
Bd1 Be6 42. a4 Bf7 43. b5 axb5 44. axb5 Be6 45. Ba4 Kf7 46. Ke2 Ke7 47. Bb3 Bd7
48. Qc4 Be6 49. Qxe6+ Qxe6 50. Bxe6 Kxe6 51. Ke3 Kd6 52. d4 Ke6 53. Kd3 Kd6 54.
Kc4 Ke6 1/2-1/2

[Event "Golden Horseshoe op"]
[Site "Mississauga CAN"]
[Date "2019.06.08"]
[Round "2.7"]
[White "Aniunoh, Chike"]
[Black "Munro, Allan"]
[Result "1-0"]
[WhiteElo "2206"]
[BlackElo "2249"]
[PlyCount "87"]
[EventDate "2019.06.08"]
[EventType "swiss"]
[EventRounds "5"]
[EventCountry "CAN"]

1. e4 c6 2. d4 d5 3. Nd2 dxe4 4. Nxe4 Bf5 5. Ng3 Bg6 6. Nf3 Nd7 7. h4 h6 8. Bd3
Bxd3 9. Qxd3 e6 10. Bf4 Qa5+ 11. Bd2 Qc7 12. O-O-O Ngf6 13. Ne4 Rd8 14. Nxf6+
Nxf6 15. Qe2 Be7 16. c3 c5 17. Kb1 O-O 18. h5 a6 19. g4 Qc6 20. Ne5 Qe4+ 21.
Qxe4 Nxe4 22. Be3 cxd4 23. Bxd4 Bf6 24. f3 Bxe5 25. fxe4 Bxd4 26. Rxd4 Rxd4 27.
cxd4 Rd8 28. Rd1 g6 29. Kc2 Kg7 30. Kd3 Rd7 31. Rf1 f6 32. Rc1 f5 33. gxf5 exf5
34. exf5 gxf5 35. Rg1+ Kh7 36. Rf1 Rf7 37. d5 Kg7 38. Rg1+ Kf6 39. Kd4 Ke7 40.
Ke5 f4 41. d6+ Kd7 42. Rc1 f3 43. Rc7+ Ke8 44. Ke6 1-0

[Event "Golden Horseshoe op"]
[Site "Mississauga CAN"]
[Date "2019.06.08"]
[Round "2.8"]
[White "Gaisinsky, Adam"]
[Black "Bu, Kevin"]
[Result "1/2-1/2"]
[WhiteElo "2234"]
[BlackElo "1955"]
[PlyCount "62"]
[EventDate "2019.06.08"]
[EventType "swiss"]
[EventRounds "5"]
[EventCountry "CAN"]

1. e4 Nf6 2. e5 Nd5 3. d4 d6 4. Bc4 Nb6 5. Bb3 e6 6. Qe2 c5 7. dxc5 dxc5 8. c3
Qc7 9. Nf3 Bd7 10. Bf4 Bc6 11. Nbd2 N8d7 12. O-O Be7 13. Rfe1 Nd5 14. Bg3 a6
15. c4 N5b6 16. Bc2 Rd8 17. Rad1 Nb8 18. b3 Nc8 19. Ne4 Bxe4 20. Qxe4 Nc6 21.
Qf4 b5 22. Qg4 g6 23. Bh4 O-O 24. Bf6 Rxd1 25. Rxd1 Rd8 26. Re1 Nd4 27. Be4
Nxf3+ 28. Qxf3 bxc4 29. bxc4 Rd4 30. Bxe7 Nxe7 31. Qg3 Nc6 1/2-1/2

[Event "Golden Horseshoe op"]
[Site "Mississauga CAN"]
[Date "2019.06.08"]
[Round "2.9"]
[White "Gao, Raymond"]
[Black "Zhao, Jeffrey Renfei"]
[Result "1/2-1/2"]
[WhiteElo "2007"]
[BlackElo "1995"]
[PlyCount "70"]
[EventDate "2019.06.08"]
[EventType "swiss"]
[EventRounds "5"]
[EventCountry "CAN"]

1. e4 e5 2. Nf3 Nc6 3. d4 exd4 4. Bc4 Nf6 5. e5 d5 6. Bb5 Ne4 7. Nxd4 Bd7 8.
Bxc6 bxc6 9. O-O g6 10. f3 Nc5 11. f4 Bg7 12. Be3 Ne4 13. Nd2 Nxd2 14. Qxd2 O-O
15. Nb3 Re8 16. Rae1 f6 17. Bd4 fxe5 18. Bxe5 Bxe5 19. fxe5 Qe7 20. Qa5 Bf5 21.
Nd4 Be4 22. Nxc6 Qd7 23. Qc5 Re6 24. Rf6 Rae8 25. Ref1 Rxf6 26. exf6 Kf7 27.
Qc3 Qd6 28. Nxa7 Qb6+ 29. Kh1 Qxa7 30. Qh3 Bf5 31. Qxh7+ Kxf6 32. g4 Qa4 33.
gxf5 Qe4+ 34. Kg1 Qg4+ 35. Kh1 Qe4+ 1/2-1/2

[Event "Golden Horseshoe op"]
[Site "Mississauga CAN"]
[Date "2019.06.08"]
[Round "2.10"]
[White "Noritsyn, Sergey"]
[Black "Surya, Benito"]
[Result "1-0"]
[WhiteElo "2313"]
[BlackElo "2114"]
[PlyCount "149"]
[EventDate "2019.06.08"]
[EventType "swiss"]
[EventRounds "5"]
[EventCountry "CAN"]

1. e4 d5 2. exd5 Qxd5 3. Nf3 Bg4 4. Be2 Nc6 5. Nc3 Qa5 6. a3 O-O-O 7. d3 Nf6 8.
O-O e6 9. Be3 Bd6 10. Ng5 h6 11. Nxf7 Bxh2+ 12. Kxh2 Qh5+ 13. Kg1 Bxe2 14. Qxe2
Qxf7 15. b4 e5 16. f3 g5 17. Qf2 Nd4 18. Bxd4 exd4 19. Ne2 Qd7 20. c3 Rhe8 21.
Nxd4 Nd5 22. Nc2 Nxc3 23. Qxa7 Ne2+ 24. Kf2 Qc6 25. Ne3 Nf4 26. Rfd1 Qe6 27.
Qa8+ Kd7 28. Qa7 Ke7 29. Qxb7 Kf6 30. Ng4+ Kf7 31. Qxc7+ Kf8 32. Qc5+ Re7 33.
Kg1 Nxd3 34. Qc3 Qb6+ 35. Kh1 Qd4 36. Rxd3 Qxd3 37. Qh8+ Kf7 38. Ne5+ Ke6 39.
Qxh6+ Kxe5 40. Re1+ Kf5 41. Rxe7 Qd1+ 42. Kh2 Qd6+ 43. Qxd6 Rxd6 44. Rg7 Kf4
45. Rf7+ Ke3 46. Kg3 Ra6 47. Re7+ Kd2 48. b5 Rxa3 49. b6 Rb3 50. b7 Rb4 51. Kf2
Kd3 52. Rd7+ Kc4 53. Rg7 Kd4 54. Kg3 Ke3 55. Re7+ Kd3 56. Kf2 Rb2+ 57. Kg3 Rb4
58. Re5 Rxb7 59. Rxg5 Kd4 60. Kg4 Ke3 61. f4 Kf2 62. g3 Rb3 63. Kh5 Kf3 64. f5
Rb6 65. g4 Kf4 66. Rg6 Rb8 67. Kh6 Ke5 68. f6 Ke6 69. g5 Kf7 70. Rg7+ Kf8 71.
Kg6 Rb6 72. Rh7 Kg8 73. Rc7 Rb8 74. Rg7+ Kh8 75. Rh7+ 1-0

[Event "Golden Horseshoe op"]
[Site "Mississauga CAN"]
[Date "2019.06.08"]
[Round "2.12"]
[White "Bui, Alan"]
[Black "Xu, Eddie"]
[Result "1-0"]
[WhiteElo "2137"]
[BlackElo "2042"]
[PlyCount "63"]
[EventDate "2019.06.08"]
[EventType "swiss"]
[EventRounds "5"]
[EventCountry "CAN"]

1. d4 d5 2. Nf3 Nf6 3. Bf4 e6 4. e3 c5 5. c3 Bd6 6. Bg3 O-O 7. Bd3 Qc7 8. Ne5
Nbd7 9. f4 b6 10. Nd2 Bb7 11. Qf3 c4 12. Bc2 b5 13. a3 a5 14. Bh4 b4 15. g4 g6
16. Bxf6 Nxf6 17. h4 bxa3 18. bxa3 Kg7 19. h5 Rh8 20. g5 Nd7 21. Ng4 Nb6 22.
Ke2 Qe7 23. Rh2 Bxa3 24. Rah1 Nd7 25. Qh3 Qd8 26. Ba4 Nb6 27. Bb5 Be7 28. hxg6
hxg6 29. Qh7+ Rxh7 30. Rxh7+ Kf8 31. Rh8+ Kg7 32. R1h7# 1-0

[Event "Golden Horseshoe op"]
[Site "Mississauga CAN"]
[Date "2019.06.08"]
[Round "2.13"]
[White "Xie, Austin"]
[Black "Ning, Eric"]
[Result "1-0"]
[WhiteElo "1964"]
[BlackElo "2133"]
[PlyCount "119"]
[EventDate "2019.06.08"]
[EventType "swiss"]
[EventRounds "5"]
[EventCountry "CAN"]

1. e4 c5 2. Nc3 Nc6 3. g3 g6 4. Bg2 Bg7 5. f4 d6 6. Nf3 e5 7. d3 Nge7 8. O-O
O-O 9. Nh4 f5 10. exf5 Nxf5 11. Nxf5 Bxf5 12. Bd5+ Kh8 13. g4 Bd7 14. Ne4 Qh4
15. f5 gxf5 16. gxf5 Rxf5 17. Rxf5 Bxf5 18. Bg5 Qg4+ 19. Qxg4 Bxg4 20. Nxd6 h5
21. Nxb7 Nd4 22. c3 Ne2+ 23. Kg2 Rf8 24. h3 Bf5 25. Nxc5 Rb8 26. Bb3 Rb6 27.
Re1 Rg6 28. Rxe2 Rxg5+ 29. Kh2 Rg6 30. Rf2 Bc8 31. Bd5 Bh6 32. Rg2 Bf4+ 33. Kh1
Rxg2 34. Kxg2 Bc1 35. b3 Kg7 36. Be6 Bxe6 37. Nxe6+ Kf6 38. Nc5 Kg5 39. Nd7 Kf4
40. c4 Ba3 41. Kf2 h4 42. c5 e4 43. dxe4 Kxe4 44. c6 Bd6 45. Nf6+ Ke5 46. Ne8
Bc5+ 47. Kf3 Ke6 48. Kg4 Ke7 49. c7 Kd7 50. Kxh4 a5 51. Kg4 Be3 52. Nf6+ Kc8
53. Nd5 Bd2 54. h4 a4 55. bxa4 Kb7 56. Kf5 Bh6 57. Ke6 Bg5 58. Kd7 Bf4 59.
c8=Q+ Ka7 60. Nxf4 1-0

[Event "Golden Horseshoe op"]
[Site "Mississauga CAN"]
[Date "2019.06.08"]
[Round "2.14"]
[White "Loadman, Ian"]
[Black "Huang, Youhe"]
[Result "0-1"]
[WhiteElo "2126"]
[BlackElo "2021"]
[PlyCount "58"]
[EventDate "2019.06.08"]
[EventType "swiss"]
[EventRounds "5"]
[EventCountry "CAN"]

1. e4 Nf6 2. e5 Nd5 3. d4 d6 4. Bc4 Nb6 5. Bb3 g6 6. f4 Bg7 7. Nf3 O-O 8. O-O
c5 9. dxc5 dxc5 10. Qxd8 Rxd8 11. Be3 Na6 12. Nc3 Bf5 13. Ng5 Rf8 14. Nd5 Nxd5
15. Bxd5 Nb4 16. Bb3 c4 17. Bxc4 Nxc2 18. Rae1 Nxe1 19. Rxe1 h6 20. Nf3 Rac8
21. b3 a6 22. a4 Bd7 23. a5 Bb5 24. Bd5 Bc6 25. Bc4 Bxf3 26. gxf3 Rfd8 27. Kf1
e6 28. Ke2 Bf8 29. Bd2 Rxd2+ 0-1

[Event "Golden Horseshoe op"]
[Site "Mississauga CAN"]
[Date "2019.06.08"]
[Round "3.1"]
[White "Zhang, Henry"]
[Black "Noritsyn, Nikolay"]
[Result "0-1"]
[WhiteElo "2233"]
[BlackElo "2625"]
[PlyCount "84"]
[EventDate "2019.06.08"]
[EventType "swiss"]
[EventRounds "5"]
[EventCountry "CAN"]

1. e4 c5 2. Nf3 e6 3. d4 cxd4 4. Nxd4 a6 5. c4 Bc5 6. Nc3 Ne7 7. Be2 O-O 8. O-O
Nbc6 9. Be3 d6 10. Qd2 Nxd4 11. Bxd4 b6 12. Rfd1 Bb7 13. f3 Nc6 14. Bxc5 dxc5
15. Qxd8 Rfxd8 16. Rxd8+ Rxd8 17. Rd1 Nd4 18. Kf2 Kf8 19. Rd2 Ke7 20. Bf1 Bc6
21. Ne2 e5 22. b3 g6 23. Nxd4 cxd4 24. Bd3 Ke6 25. g4 a5 26. Ke2 Rh8 27. Kf2 h5
28. Kg3 h4+ 29. Kf2 Kf6 30. Rd1 Kg5 31. c5 b5 32. a3 Rc8 33. Rb1 Kf4 34. b4
axb4 35. Rxb4 Ra8 36. Rb3 Bd7 37. Be2 Be6 38. Rxb5 Rxa3 39. c6 Ra2 40. c7 d3
41. Rb8 Rxe2+ 42. Kf1 Rc2 0-1